000
00299nam a2200109 4500
999
_c
12343
_d
12343
008
190123b ||||| |||| 00| 0 eng d
245
_a
Natural ways to relieve a cold.
260
_a
Philippines
_b
Philippine Daily Inquirer
_c
c2018
300
_a
page C2.
650
0
_9
34856
_a
Health.
942
_2
ddc
_c
PER